| LEADER 00000nam 2200000uu 4500 |
| 001 214143 |
| 003 ULIBM |
| 008 240124s2566 th a b 001 0 tha d |
| 020 ^a978-616-608-135-0
|
| 040 ^abcnkk
|
| 041 ^atha
|
| 060 04 ^aWL359^bร626ค 2566
|
| 100 0 ^aรุ่งเพชร แก้วเกษ
|
| 245 10 ^aความรู้พื้นฐานของโรคพาร์กินสันและยาที่ใช้ในการรักษา /^cรุ่งเพชร แก้วเกษ
|
| 250 ^aพิมพ์ครั้งที่ 1
|
| 260 ^aกรุงเทพฯ :^bสาขาวิชาชีวเภสัชศาสตร์ คณะเภสัชศาสตร์มหาวิทยาลัยศรีนครินทรวิโรฒ,^c2566
|
| 300 ^a152, [1] หน้า :^bภาพประกอบ ;^c27 ซม.
|
| 504 ^aมีบรรณานุกรมและดัชนี
|
| 505 0 ^aบทที่ 1 The basal ganglia วงจรประสาทและสารสื่อประสาทที่ควบคุมการเคลื่อนไหว -- บทที่ 2 พยาธิสรีรวิทยาของโรคพาร์กินสัน (Pathophysiology of Parkinson disease) -- บทที่ 3 ยารักษาโรคพาร์กินสัน (Drugs used for Parkinson disease) -- บทที่ 4 การรักษา dyskinesia ที่เกิดจากยาlevodopa (Management of levodopa-induces dyskinesia --บทที่ 5 การรักษาภาวะโรคจิตในโรคพาร์กินสัน (Management of psyschosis in Parkinson disease) -- บทที่ 6โมเดลสัตว์ทดลองเพื่อการใช้การศึกษาโรคพาร์กินสัน (Animal models of Parkinson disease)
|
| 650 2 ^aParkinson Disease
|
| 650 4 ^aโรคพาร์กินสัน^xการรักษา
|
| 710 2 ^aมหาวิทยาลัยศรีนครินทรวิโรฒ.^bคณะเภสัชศาสตร์.^bสาขาวิชาชีวเภสัชศาสตร์
|
| 999 ^aใช้งานได้ทุกระบบ
|